Planeten nach Bild - Statistiken

Allgemein
  • Dieses Quiz wurde 216 mal gespielt
    212 seit der letzten Aktualisierung
  • Das Durchschnittsergebnis liegt bei 8 aus 9
Antwortstatistiken
Bildquiz Antwort % Korrekt
Erde
100%
Mars
99%
Saturn
99%
Jupiter
96%
Neptun
94%
Venus
92%
Uranus
89%
Merkur
88%
Pluto
82%
Keine übereinstimmenden Quizze gefunden
Verteilung der Resultate
Anzahl Personen mit jedem Resultat
Perzentil nach korrekt beantworteten Fragen
Ihre Resultats-Entwicklung
Sie haben dieses Quiz seit der letzten Aktualisierung nicht gespielt